LEADER 01077nam a2200241 u 4500 001 000000092630 003 CaOOAMICUS 005 20070226124947.0 008 060712s2005 it u000 u ita u 035 $a11095548 040 $aPUL$bita 130 0 $aBiblia.$pN.T.$pMarcus.$lItaliano.$0(OLS)http://pul/title/158581 245 10$aMarco :$b[il Vangelo di Gesù il Messia /$cintrod. di Ernesto Borghi]. 260 $aMilano :$bMondolibri,$cc2005. 300 $a93 p. ;$c19 cm 500 $aIl libro contiene due testi di commento: uno di Giovanni Paolo II e uno del Cardinal Carlo Maria Martini. 630 04$aBiblia.$pN.T.$pMarcus$vCommenti.$0(OLS)http://pul/subject/37849 700 1 $aBorghi, Ernesto,$d1964-$0(OLS)http://pul/name/59730 850 $aPUL 852 $aPUL$W1$xSL Religione 3$y85$m242 BORER 1$j116481$nBK-PRI$b $qDDC 21$B116481$CPULBib$Z2$F116481 $HPUL100133 $81 941 1 $a9 996 $6245$aMarco :$b[il Vangelo di Gesù il Messia$9(OLS)http://pul/title/119535 996 $6260$aMilano :$bMondolibri$9(OLS)http://pul/publisher/79123 LEADER 01506nam a2200349 u 4500 001 000000047469 003 CaOOAMICUS 005 20070226114904.0 008 991021s1969 it u000 u ita u 035 $a10834829 040 $aMSA$bita$dPUL(R) 041 1 $aita$hfre 100 1 $aGurvitch, Georges,$d1894-1965.$0(OLS)http://pul/name/14563 240 10$aDeterminismes sociaux et liberté humaine.$lItaliano.$0(OLS)http://pul/title/63913 245 10$aDeterminismi sociali e libertà umana /$cGeorges Gurvitch. 260 $aRoma :$bCittà Nuova,$cc1969. 300 $a366 p. ;$c21 cm 490 1 $aCollana di sociologia 504 $aBibliografia in nota. 650 4$aSociologia.$0(OLS)http://pul/subject/2611 650 4$aDeterminismo e indeterminismo.$0(OLS)http://pul/subject/19997 830 0$aCollana di sociologia (Città nuova).$0(OLS)http://pul/title/63915 850 $aPUL 852 $aPUL$W1$xDP1 Fondo Pastorale$y55$mP13 B 35$j63428$nBK-PRI$b $qFondi$B63428$CPULBib$Z2$F63428 $HPUL2360 $81 852 $aPUL$W1$xDP1 Fondo Pastorale$y55$mP19 B 11$j63429$nBK-PRI$b $qFondi$B63429$CPULBib$Z2$F63429 $H $81 941 1 $a1 960 $aSociology$92611 960 $aSociology$92611 960 $aScienze sociali$92611 960 $aScienze sociali$92611 996 $6245$aDeterminismi sociali e libertà umana$9(OLS)http://pul/title/63914 996 $6260$aRoma :$bCittà Nuova$9(OLS)http://pul/publisher/47927